Apakah yang terdapat di angkasa lepas?

Bibliographic Details
Main Author: Mayes, Susan
Format: Book
Published: Johor Bahru : Pelangi Sdn.Bhd , 1991
Series:Siri Titik Permulaan Sains Pelangi
Subjects:

MARC

LEADER 00000cam a2200000 7i4500
001 0000001129
002 000001245
005 20000330.0
020 |a 9838782122 
090 0 0 |a 030   |b TIT 
100 1 |a Mayes, Susan 
245 1 0 |a Apakah yang terdapat di angkasa lepas?   |c Susan Mayes ; illustrasi oleh Martin Newton, Chris Lyon danJoseph Mc Ewan 
260 |a Johor Bahru :   |b Pelangi Sdn.Bhd ,   |c 1991 
300 |a 24 p. :   |b ill. ;   |c 18 cm. 
490 0 |a Siri Titik Permulaan Sains Pelangi 
650 0 0 |a Space   |x Juvenile literature 
999 |a 029507   |b BUKU   |c PINJAMAN   |e PERPUSTAKAAN KOMUNITI PETALING JAYA 
999 |a 029508   |b BUKU   |c PINJAMAN   |e PERPUSTAKAAN KOMUNITI PETALING JAYA